Sports Quiz

Random Sports or Golf Quiz

The Masters: Wire to Wire Winners Quiz Stats

 Plays Quiz Updated Apr 12, 2016

Challenge
Share
Tweet
Embed
Score 0/5 Timer 01:00
0 Plays Today
% Correct
Craig Wood (1941)
79.9%
Jack Nicklaus (1972)
76.2%
Arnold Palmer (1960)
73.8%
Jordan Spieth (2015)
65.4%
Raymond Floyd (1976)
19.3%

You're not logged in!

Compare scores with friends on all Sporcle quizzes.
Join for Free
OR
Log In

You Might Also Like...

Show Comments

Extras

Top Quizzes Today


Score Distribution

Your Account Isn't Verified!

In order to create a playlist on Sporcle, you need to verify the email address you used during registration. Go to your Sporcle Settings to finish the process.

Report this User

Report this user for behavior that violates our Community Guidelines.

Details: